000 00439nam a22001697a 4500
005 20180813120157.0
008 160513b xxu||||| |||| 00| 0 eng d
020 _a81-7929-078-6
041 _aeng
082 _b2071
_a658.3124
100 _aLANDALE, ANTHONY
_92224
245 _aTraining and Development :A Complete Hand Book
260 _aNew Delhi
_bInfinity books,
_c2004
300 _a428p,
650 _aManagement
_9241
942 _cBK
999 _c754
_d754